00360 a2200121 4500001001000000005001700010008004100027245004400068100001900112700002200131700001800153773006700171ART_2591720260410161603.0260409a 10aEl valor llave en los estados contables1 aDíaz, Teresa1 aBertolino, Gisela1 aSuardi, Diana0 tProfesional & Empresariag- Año V, Nº 58 (jul. 2004)wREV70